01992nam a2200241Ia 4500001000600000003000900006008004100015040001300056040001300069041001500082100001700097100002900114245002700143245015900170250001100329260001100340260003300351260004900384300005700433500119400490650003501684650003101719K0714IT-RoPAU130308s9999 xx 000 0 und d aIT-RoPAU cIT-RoPAU aITALIANO+  aRotili Mario gCodice Aut. SPICS: 60105 aSalvator Rosa Incisore bSalvator Rosa Incisore  a1a ed. aITALIA bSocieta' Editrice Napoletana c1974 [1° Ed.:1974 - Ed.Ling.Originale:1974] a"280 p. (prefazione: no ; testo: 280 [pagine: 0-0])" a"Fortuna Critica. Dall'Esordio a Napoli Alle Esperienze Fiorentine. Opera del Secondo Periodo Romano. Incisione di Salvator Rosa nel suo Tempo e Dopo. Catalogo Incisioni. tavola di Concordanze. Bibliografia. presentazione delle 112 Illustrazioni in bianco e Nero tra le Quali: Pan; Figura nuda Giacente; Gloria di Angeli; Penitente in Preghiera; Autoritratto in Veste di Pellegrino; Pastore; Uomo Seduto su una Roccia; paesaggio Lacustre; paesaggio con contadini che Abbeverano Buoi; Adorazione dei Pastori; Combattimento di Tritoni; cinque Fiumi; Diverse figure o Capricci; soldato che si Sveglia..; Soldati; tre Contadini; vecchio Seduto...; vecchio Scalzo...; giovane Seduto su un Muretto...; Pescatore...; Uomo Seminudo con Arco; Donne...; madre con bambino in Braccio; S. Guglielmo di Malavalle; S. Alberto; Glauco e Scilla; Apollo e Sibilla Cumana; Cerere e Fitalo; Accademia di Platone; Alessandro e Diogene; Democrito in Meditazione; tre Teschi Umani; tre Crani di Bue; Alessandro Nello Studio di Apelle; Genio di Salvator Rosa; Crocifissione di Policrate; Morte di Attilio Regolo; Edipo; sogno di Enea; Giasone e Drago; Ecc... 40 Illustrazioni in bianco e Nero di Altri Artisti. " aAUTORI/OPERE DELLE ARTI VISIVE eCodice materia Spics: 5007